Statistics for Fruit and Veg Anagrams

Click here to take the quiz!

General Stats

  • This quiz has been taken 42 times
  • The average score is 24 of 30

Answer Stats

TYPEHintAnswer% Correct
FRUITNABNAABANANA
100%
FRUITMILELIME
97%
FRUITNEMOLMELON/LEMON
97%
FRUITAYAPPAPAPAYA
97%
FRUITPPELNAEPIPINEAPPLE
97%
FRUITYEWTSABRRRSTRAWBERRY
97%
FRUITEPLAPAPPLE
95%
FRUITRPAEGGRAPE
95%
FRUITGONAMMANGO
95%
FRUITNOMWTAREELWATERMELON
92%
FRUITREHYRCCHERRY
89%
FRUITAAVUGGUAVA
89%
VEGSAPEPEAS
89%
VEGRUMUCCEBCUCUMBER
84%
VEGTTAPOOPOTATO
84%
VEGLOLOCBIRBROCOLLI
82%
VEGRATROCCARROT
82%
FRUITECHLEYLYCHEE
82%
VEGINOONONION
82%
VEGREPEPPPEPPER
82%
VEGYEELRCCELERY
76%
FRUITBUBHRARRHUBARB
76%
FRUITTIROPACAPRICOT
74%
VEGSURAASPAGASPARAGUS
74%
VEGHISROSEDAHRHORSERADISH
66%
VEGLOWACFURIELCAULIFLOWER
63%
FRUITTENAAGEMOPRPOMEGRANATE
63%
FRUITNINEELECMTCLEMENTINE
58%
FRUITTENIACENRNECTARINE
39%
VEGROCTEESNWSWEETCORN
34%

Score Distribution

Percentile by Number Answered

Percent of People with Each Score

Your Score History

You have not taken this quiz